[Event "SVK-ch Open 2018"]
[Site "Banska Stiavnica"]
[Date "2018.07.14"]
[Round "8"]
[White "Sikora, Jan"]
[Black "Pesztericz, Laszlo"]
[Result "1-0"]
[WhiteElo "2209"]
[BlackElo "1980"]
[Annotator "NA"]
[PlyCount "119"]
[EventDate "2018.07.07"]
[EventType "swiss"]
[EventCountry "SVK"]
[SourceTitle "playchess.com"]
[Source "ChessBase"]
[SourceQuality "1"]
[TimeControl "40/5400+30:1800+30"]

1. d4 {[%emt 0:00:00]} Nf6 {[%emt 0:00:00]} 2. Nc3 {[%emt 0:00:04]} d5 {[%emt 0:00:46]} 3. Bg5 {[%emt 0:00:03]} Bf5 {[%emt 0:07:53]} 4. Nf3 {[%emt 0:02:56]} e6 {[%emt 0:11:18]} 5. Nh4 {[%emt 0:06:38] D01: Veresov Opening} (5. e3 h6 6. Bh4 Bb4 7. Bd3 Bxd3 8. cxd3 c6 9. Qb3 Qb6 10. O-O Be7 11. Qc2 Nbd7 12. Ne5 g5 13. Bg3 {0-1 (39) Karayev,K (2216)-Asadli,V (2397) Nakhchivan 2016}) 5... h6 {[%emt 0:07:15]} 6. Bxf6 {[%emt 0:06:07]} Qxf6 {[%emt 0:01:22]} 7. Nxf5 {[%emt 0:00:06]} Qxf5 {[%emt 0:00:33]} 8. e3 {[%emt 0:00:03]} Bb4 $146 {[%emt 0:02:56]} ({Predecessor:} 8... g6 9. Bd3 Qg5 10. O-O Bg7 11. Nb5 Qd8 12. c4 dxc4 13. Bxc4 {0-1 (41) Hirn,O-Kraeussling,A Ingolstadt 1991}) 9. Bd3 {[%emt 0:01:30]} Qf6 {[%emt 0:17:53]} 10. O-O {[%emt 0:02:32]} O-O {[%emt 0:02:35]} 11. Nb5 {[%emt 0:02:28]} Qd8 {[%emt 0:04:29]} 12. c4 {[%emt 0:03:00]} Nd7 {[%emt 0:06:35]} 13. cxd5 {[%emt 0:02:38]} exd5 {[%emt 0:00:14]} 14. Qb3 {[%emt 0:01:10]} Be7 {[%emt 0:03:20]} 15. Nc3 {[%emt 0:03:56]} Nb6 {[%emt 0:07:20]} 16. Rac1 {[%emt 0:02:51]} c6 {[%emt 0:01:32]} 17. Bb1 {[%emt 0:04:20]} g6 {[%emt 0:05:31]} 18. Rfd1 {[%emt 0:03:55]} f5 {[%emt 0:02:29]} 19. Ne2 {[%emt 0:11:50]} Bd6 {[%emt 0:02:02]} 20. g3 {[%emt 0:00:45]} Qe7 {[%emt 0:03:35]} 21. Bd3 {[%emt 0:02:49]} Rab8 {[%emt 0:00:33]} 22. Re1 {[%emt 0:08:15]} Kg7 {[%emt 0:01:56]} 23. Kg2 {[%emt 0:03:56]} Nd7 {[%emt 0:02:37]} 24. a3 {[%emt 0:02:43]} Nf6 {[%emt 0:00:15]} 25. Qc2 {[%emt 0:04:30]} Rbe8 {[%emt 0:02:17]} 26. Ng1 {[%emt 0:03:17]} h5 {[%emt 0:01:53]} 27. h4 {[%emt 0:01:17]} Ne4 {[%emt 0:00:56]} 28. Nh3 {[%emt 0:03:24]} Qc7 {[%emt 0:02:19]} 29. Nf4 {[%emt 0:00:03]} Re7 {[%emt 0:00:23]} 30. Re2 {[%emt 0:04:37]} Rfe8 {[%emt 0:00:10]} 31. Rce1 {[%emt 0:00:11]} Nf6 {[%emt 0:00:21]} 32. f3 {[%emt 0:04:40]} c5 {[%emt 0:01:06]} 33. dxc5 {[%emt 0:00:29]} Qxc5 {[%emt 0:00:46]} 34. Qd2 {[%emt 0:06:11]} Kf7 {[%emt 0:01:10]} 35. b4 {[%emt 0:00:31]} Qb6 {[%emt 0:00:09]} 36. Nxd5 {[%emt 0:00:39]} Nxd5 {[%emt 0:00:10]} 37. Bc4 {[%emt 0:00:02]} Kg7 {[%emt 0:00:51]} 38. Qxd5 {[%emt 0:00:07]} Qc7 {[%emt 0:00:22]} 39. f4 {[%emt 0:00:48]} Qc6 {[%emt 0:00:39]} 40. Qxc6 {[%emt 0:01:39]} bxc6 {[%emt 0:00:02]} 41. Kf3 {[%emt 0:30:31]} Bc7 {[%emt 0:01:28]} 42. Bd3 {[%emt 0:00:00]} a5 {[%emt 0:02:49]} 43. e4 {[%emt 0:00:00]} fxe4+ {[%emt 0:01:50]} 44. Rxe4 {[%emt 0:00:00]} Rxe4 {[%emt 0:00:30]} 45. Bxe4 {[%emt 0:00:00]} axb4 {[%emt 0:00:21]} 46. axb4 {[%emt 0:00:00]} Bd6 {[%emt 0:00:27]} 47. Rc1 {[%emt 0:00:00]} Ra8 {[%emt 0:07:20]} 48. Rxc6 {[%emt 0:00:00]} Ra3+ {[%emt 0:00:11]} 49. Kg2 {[%emt 0:00:00]} Bxb4 {[%emt 0:00:09]} 50. Rxg6+ $18 {[%emt 0:00:00]} Kf7 {[%emt 0:00:11]} 51. Rg5 {[%emt 0:00:00]} Be1 {[%emt 0:04:35]} 52. Bg6+ {[%emt 0:00:00]} Kf6 {[%emt 0:00:15]} 53. Bxh5 {[%emt 0:00:00]} Ra2+ {[%emt 0:01:15]} 54. Kh3 {[%emt 0:00:00]} Ra3 {[%emt 0:00:08]} 55. Bd1 {[%emt 0:00:00]} Rd3 {[%emt 0:01:16]} 56. Bc2 {[%emt 0:00:00]} Rc3 {[%emt 0:00:45]} 57. Bb1 {[%emt 0:00:00]} Rb3 {[%emt 0:04:21]} 58. Rg6+ {[%emt 0:00:00]} Ke7 {[%emt 0:00:17]} 59. Bf5 {[%emt 0:00:00]} Kf7 {[%emt 0:00:40]} 60. Be6+ {[%emt 0:00:00]} 1-0

[Event "SVK-ch Open 2018"]
[Site "Banska Stiavnica"]
[Date "2018.07.14"]
[Round "8"]
[White "Mrvova, Alena"]
[Black "Milcova, Zuzana"]
[Result "1-0"]
[WhiteElo "2202"]
[BlackElo "2002"]
[Annotator "NA"]
[PlyCount "155"]
[EventDate "2018.07.07"]
[EventType "swiss"]
[EventCountry "SVK"]
[SourceTitle "playchess.com"]
[Source "ChessBase"]
[SourceQuality "1"]
[TimeControl "40/5400+30:1800+30"]

1. e4 {[%emt 0:00:00]} d5 {[%emt 0:00:00]} 2. exd5 {[%emt 0:00:00]} Nf6 {[%emt 0:00:00]} 3. d4 {[%emt 0:00:26]} Nxd5 {[%emt 0:00:00]} 4. c4 {[%emt 0:01:04]} Nb6 {[%emt 0:00:00]} 5. Nc3 {[%emt 0:00:40]} e5 {[%emt 0:00:40]} 6. d5 {[%emt 0:02:38]} Bb4 {[%emt 0:01:34] LiveBook: 20 Partien} 7. Bd2 {[%emt 0:03:37] B01: Scandinavian Defence} (7. Nf3 O-O 8. Be2 e4 9. Nd4 c6 10. O-O cxd5 11. cxd5 Bxc3 12. bxc3 Qxd5 13. Nb5 Na6 14. c4 Qxd1 15. Rxd1 {1-0 (41) Paveto,K (2417)-Boissonet,C (2430) Villa Martelli 2015}) 7... O-O {[%emt 0:09:44]} 8. a3 {[%emt 0:02:14]} Bxc3 {[%emt 0:03:31]} 9. Bxc3 {[%emt 0:00:07]} a5 $146 {[%emt 0:12:32]} ({Predecessor:} 9... Re8 10. Be2 Bf5 11. Nf3 N8d7 12. O-O Nc8 13. b4 b6 14. Re1 Nd6 {1-0 (67) Hajas,L (1996)-Milcova,Z (1841) Slovakia 2008}) 10. Be2 {[%emt 0:02:54]} Re8 {[%emt 0:08:33]} 11. Nf3 {[%emt 0:04:00]} Bg4 {[%emt 0:04:42]} 12. Nd2 {[%emt 0:03:34]} Bxe2 {[%emt 0:01:53]} 13. Qxe2 {[%emt 0:00:21]} Na4 {[%emt 0:04:51]} 14. Rc1 {[%emt 0:03:38]} c6 {[%emt 0:08:47]} 15. dxc6 {[%emt 0:04:35]} Nxc6 {[%emt 0:00:12]} 16. O-O {[%emt 0:01:08]} Nd4 {[%emt 0:10:54]} 17. Qd1 {[%emt 0:03:59]} Nxc3 {[%emt 0:08:14]} 18. bxc3 {[%emt 0:00:48]} Nf5 {[%emt 0:06:35]} 19. Ne4 {[%emt 0:02:24]} Qc7 {[%emt 0:04:14]} 20. c5 {[%emt 0:02:52]} Re6 {[%emt 0:01:20]} 21. Qf3 {[%emt 0:05:02]} Nh4 {[%emt 0:01:12]} 22. Qg3 {[%emt 0:03:04]} Nxg2 {[%emt 0:03:31]} 23. Qxg2 {[%emt 0:00:24]} Rg6 {[%emt 0:00:07]} 24. Ng3 {[%emt 0:00:03]} Qxc5 {[%emt 0:02:14]} 25. Qxb7 {[%emt 0:02:18]} Rf8 {[%emt 0:00:33]} 26. Kh1 {[%emt 0:01:44]} f5 {[%emt 0:00:55]} 27. Rcd1 {[%emt 0:02:03]} Kh8 {[%emt 0:01:02]} 28. Qd5 {[%emt 0:02:52]} Qxc3 {[%emt 0:01:26]} 29. Rd3 {[%emt 0:01:07]} Qc8 {[%emt 0:00:43]} 30. Qxe5 {[%emt 0:02:37]} f4 {[%emt 0:01:13]} 31. Ne4 {[%emt 0:02:57]} Qg4 {[%emt 0:00:51]} 32. Ng3 {[%emt 0:01:56]} fxg3 {[%emt 0:00:15]} 33. Rxg3 {[%emt 0:02:44]} Qe6 {[%emt 0:00:45]} 34. Qxa5 {[%emt 0:05:31]} Qe4+ {[%emt 0:01:54]} 35. Kg1 {[%emt 0:01:58]} h6 {[%emt 0:00:27]} 36. Qc5 {[%emt 0:06:45]} Rxg3+ {[%emt 0:01:04]} 37. hxg3 {[%emt 0:00:42]} Rf5 {[%emt 0:00:22]} 38. Qe3 {[%emt 0:00:09]} Qg4 {[%emt 0:00:44]} 39. f4 {[%emt 0:06:34]} Rh5 {[%emt 0:01:13]} 40. Qf3 {[%emt 0:01:29]} Qh3 {[%emt 0:00:21]} 41. Qg2 {[%emt 0:30:14]} Qc8 {[%emt 0:04:26]} 42. Qf3 {[%emt 0:00:00]} Rb5 {[%emt 0:10:54]} 43. Rd1 {[%emt 0:00:00]} Rb2 {[%emt 0:03:55]} 44. Qd5 {[%emt 0:00:00]} Qg4 {[%emt 0:09:24]} 45. Qd8+ {[%emt 0:00:00]} Kh7 {[%emt 0:00:05]} 46. Qd3+ {[%emt 0:00:00]} Qg6 {[%emt 0:00:25]} (46... Kh8 $1 $11) 47. Qxg6+ {[%emt 0:01:37]} Kxg6 {[%emt 0:00:01]} 48. Ra1 {[%emt 0:00:05]} Kf5 {[%emt 0:03:26] [#]} 49. a4 $1 {[%emt 0:00:36]} Kg4 {[%emt 0:01:27]} 50. Ra3 {[%emt 0:00:04]} Rb6 {[%emt 0:00:50]} 51. a5 {[%emt 0:00:19]} Ra6 {[%emt 0:00:02]} 52. Kg2 {[%emt 0:00:08]} g6 {[%emt 0:00:21]} 53. Ra4 {[%emt 0:00:43]} h5 {[%emt 0:00:23]} (53... g5 $16 {is a better defense.} 54. fxg5+ Kxg5) 54. Kf2 {[%emt 0:00:29]} g5 $2 {[%emt 0:01:35]} (54... Kf5 {war angesagt.} 55. Kf3 Ke6 56. Re4+ Kd5 57. Re5+ Kd4) 55. fxg5+ {[%emt 0:01:01]} Kxg5 {[%emt 0:00:04]} 56. Kf3 $2 {[%emt 0:00:56]} (56. Ke3 Kf5 57. Kd4) 56... Kf5 {[%emt 0:00:20]} (56... Kf6 $142 57. Kf4 Kg6) 57. Ke3 {[%emt 0:00:19]} Rg6 {[%emt 0:00:57]} 58. Kf2 $18 {[%emt 0:00:37]} Ra6 {[%emt 0:00:07]} 59. Kf3 {[%emt 0:00:05]} Kg5 {[%emt 0:00:51]} 60. Ke4 {[%emt 0:01:10]} Kg4 {[%emt 0:00:13]} 61. Ra3 {[%emt 0:00:21]} Kg5 {[%emt 0:01:02]} 62. Kd4 {[%emt 0:01:18]} Kg4 {[%emt 0:00:05]} 63. Kc4 {[%emt 0:00:07]} Ra8 {[%emt 0:00:55]} 64. Kb5 {[%emt 0:01:02]} Rf8 {[%emt 0:00:24]} 65. a6 {[%emt 0:00:55]} Rf5+ {[%emt 0:00:11]} 66. Kb4 {[%emt 0:00:05]} Rf7 {[%emt 0:00:52]} 67. Rc3 {[%emt 0:00:38]} Rf8 {[%emt 0:00:32]} 68. Kb5 {[%emt 0:00:50]} Rb8+ {[%emt 0:00:19]} 69. Ka5 {[%emt 0:00:15]} Re8 {[%emt 0:00:43]} 70. a7 {[%emt 0:00:41]} Re1 {[%emt 0:00:27]} 71. Rb3 {[%emt 0:00:51]} Re5+ {[%emt 0:00:20]} 72. Ka6 {[%emt 0:00:13]} Re6+ {[%emt 0:00:22]} 73. Rb6 {[%emt 0:01:06]} Re8 {[%emt 0:00:27]} 74. Rg6+ {[%emt 0:00:36]} Kf5 {[%emt 0:00:18]} 75. Rg7 {[%emt 0:01:00]} Kf6 {[%emt 0:00:17]} 76. Rc7 {[%emt 0:00:06]} Kf5 {[%emt 0:00:33]} 77. Kb7 {[%emt 0:00:08]} Kg4 {[%emt 0:00:17]} 78. Rg7+ {[%emt 0:00:04]} 1-0

[Event "SVK-ch Open 2018"]
[Site "Banska Stiavnica"]
[Date "2018.07.14"]
[Round "8"]
[White "Jamrich, Gyorgy"]
[Black "Balogh, Peter"]
[Result "1/2-1/2"]
[WhiteElo "2200"]
[BlackElo "2097"]
[Annotator "NA"]
[PlyCount "91"]
[EventDate "2018.07.07"]
[EventType "swiss"]
[EventCountry "SVK"]
[SourceTitle "playchess.com"]
[Source "ChessBase"]
[SourceQuality "1"]
[TimeControl "40/5400+30:1800+30"]

1. e4 {[%emt 0:00:00]} g6 {[%emt 0:00:43]} 2. d4 {[%emt 0:00:00]} Bg7 {[%emt 0:00:04]} 3. Nc3 {[%emt 0:01:50]} d6 {[%emt 0:00:06]} 4. f4 {[%emt 0:00:26]} a6 {[%emt 0:03:27]} 5. a4 {[%emt 0:11:19]} Nd7 {[%emt 0:00:24]} 6. Nf3 {[%emt 0:00:10]} c5 {[%emt 0:00:23] B06: Modern Defence} (6... e6 7. a5 Ne7 8. Be2 O-O 9. O-O b5 10. axb6 cxb6 11. Bd3 Bb7 12. Ne2 e5 13. c3 d5 14. Nxe5 dxe4 {½-½ (24) Dastan,B (2480)-Sanal,V (2478) Izmir 2016}) 7. d5 {[%emt 0:02:16]} Qc7 {[%emt 0:03:25]} 8. Bc4 {[%emt 0:03:14]} Ngf6 {[%emt 0:02:22]} 9. O-O {[%emt 0:01:31]} O-O {[%emt 0:00:12]} 10. Bd2 {[%emt 0:13:06]} Ne8 {[%emt 0:04:19]} 11. Qe2 {[%emt 0:06:23]} Rb8 $146 {[%emt 0:04:14]} ({Predecessor:} 11... Nb6 12. Bb3 e5 13. fxe5 dxe5 14. a5 Nd7 15. d6 Nxd6 {1-0 (24) Wrinn,S-Barry,R corr 1987}) 12. Rae1 {[%emt 0:00:45]} Nb6 {[%emt 0:01:37]} 13. b3 {[%emt 0:04:18]} Nxc4 {[%emt 0:01:09]} 14. bxc4 {[%emt 0:00:09]} Bg4 {[%emt 0:04:45]} 15. h3 {[%emt 0:00:24]} Bxf3 {[%emt 0:03:43]} 16. Rxf3 {[%emt 0:00:20]} e5 {[%emt 0:01:12]} 17. f5 {[%emt 0:00:22]} Qd7 {[%emt 0:00:33]} 18. g4 {[%emt 0:07:24]} f6 {[%emt 0:01:50]} 19. Rb1 {[%emt 0:03:50]} Nc7 {[%emt 0:02:50]} 20. Rff1 {[%emt 0:04:11]} b6 {[%emt 0:01:45]} 21. Rb3 {[%emt 0:01:41]} Rb7 {[%emt 0:01:30]} 22. Rfb1 {[%emt 0:00:51]} Rfb8 {[%emt 0:00:12]} 23. Qf1 {[%emt 0:00:30]} g5 {[%emt 0:02:01]} 24. Kh2 {[%emt 0:02:01]} Kf7 {[%emt 0:00:32]} 25. R1b2 {[%emt 0:02:36]} Bf8 {[%emt 0:01:44]} 26. Qb1 {[%emt 0:00:25]} Na8 {[%emt 0:00:33]} 27. a5 $16 {[%emt 0:00:53]} Be7 {[%emt 0:03:53]} 28. axb6 {[%emt 0:01:14]} Bd8 {[%emt 0:00:25]} 29. Qa1 {[%emt 0:00:28]} Nxb6 {[%emt 0:01:14]} 30. Na4 {[%emt 0:00:49]} Nxc4 {[%emt 0:02:16]} 31. Rxb7 {[%emt 0:00:09]} Rxb7 {[%emt 0:00:07]} 32. Rxb7 {[%emt 0:00:05]} Qxb7 {[%emt 0:00:07]} 33. Be1 {[%emt 0:01:52]} Ba5 {[%emt 0:27:19]} 34. Bxa5 {[%emt 0:00:59]} Nxa5 {[%emt 0:00:36]} 35. Nxc5 {[%emt 0:00:15]} Qc7 {[%emt 0:01:07]} 36. Ne6 {[%emt 0:02:39]} Qxc2+ {[%emt 0:00:26]} 37. Kg1 {[%emt 0:00:08]} Nc4 {[%emt 0:01:59]} 38. Qxa6 {[%emt 0:01:25]} Qd1+ {[%emt 0:02:59]} 39. Kh2 {[%emt 0:00:15]} Qe2+ {[%emt 0:01:01]} 40. Kh1 {[%emt 0:00:10]} Qxe4+ {[%emt 0:01:04]} 41. Kh2 {[%emt 0:30:05]} Qe2+ {[%emt 0:31:51]} 42. Kh1 {[%emt 0:00:14]} Qd1+ {[%emt 0:02:41]} 43. Kh2 {[%emt 0:00:06]} Qd2+ {[%emt 0:00:44]} 44. Kg1 {[%emt 0:00:07]} Qc1+ {[%emt 0:06:38]} 45. Kh2 {[%emt 0:00:08]} Qb2+ {[%emt 0:00:17]} 46. Kh1 {[%emt 0:00:05]} 1/2-1/2

[Event "SVK-ch Open 2018"]
[Site "Banska Stiavnica"]
[Date "2018.07.14"]
[Round "8"]
[White "Sikorova, Olga"]
[Black "Druska, Juraj"]
[Result "1/2-1/2"]
[WhiteElo "2193"]
[BlackElo "2441"]
[Annotator "TA"]
[PlyCount "100"]
[EventDate "2018.07.07"]
[EventType "swiss"]
[EventCountry "SVK"]
[SourceTitle "playchess.com"]
[Source "ChessBase"]
[SourceQuality "1"]

{[%evp 26,100,10,2,38,17,12,17,9,0,10,9,25,26,27,27,23,33,68,9,59,42,91,-50,-54,-42,-65,-195,-214,-186,-210,-205,-193,-1014,-1010,-943,-634,-617,-606,-575,-470,-429,0,-493,0,0,0,0,0,0,0,0,0,0,0,0,0,0,0,0,0,0,0,0,0,0,0,0,0,0,0,0,0,0,0,0,0]} 1. Nf3 c5 2. c4 Nc6 3. g3 g6 4. Bg2 Bg7 5. Nc3 e5 6. O-O d6 7. a3 a5 8. Rb1 Nge7 9. d3 O-O 10. Ne1 Be6 11. Bg5 {A37: Symmetrical English vs ...g6: 4 Bg2 Bg7 5 Nf3} (11. Nc2 d5 12. cxd5 Nxd5 13. Ne3 Nde7 14. Nc4 Rb8 15. Bg5 f6 16. Be3 Nd4 17. b4 axb4 18. axb4 b5 19. Nd2 cxb4 20. Rxb4 Qa5 21. Qb1 Nec6 22. Bxc6 Nxc6 {1-0 (68) Anand,V (2785)-Tregubov,P (2607) Bastia 2014}) 11... f6 12. Be3 b6 13. b4 axb4 14. axb4 {LiveBook: 4 Games} Ra3 15. Nb5 $146 ({Predecessor:} 15. Qc1 Ra7 16. Nb5 Ra4 17. Nc2 cxb4 18. Bd2 Qd7 19. Nxb4 {1-0 (56) Talla,V (2417)-Meszaros,M (2347) Frydek Mistek 2005}) 15... Ra2 16. bxc5 bxc5 17. Ra1 Rxa1 18. Qxa1 Nb4 19. Qa4 f5 20. Bd2 Nbc6 21. Nc2 f4 22. Qa6 (22. Nc3 $14 Qc8 23. Rb1) 22... Qd7 23. Rb1 Bg4 24. Bd5+ (24. Nc3 $1 $16) 24... Nxd5 $15 25. cxd5 Bxe2 26. Qxc6 {[#]} (26. dxc6 $15 Qh3 27. Qa2+ (27. Nxd6 {gets mated.} fxg3 28. Qa2+ Kh8 29. Nf7+ Rxf7 30. hxg3 Bf3 31. Rb8+ Rf8 32. Qg8+ Kxg8 33. Rxf8+ Bxf8 34. Bg5 Qh1#) 27... Kh8 28. Qd5 (28. Nxd6 fxg3 29. Nf7+ Rxf7 30. hxg3 Bf3 31. Rb8+ Bf8 32. Rxf8+ Rxf8 33. Qg8+ Rxg8 34. Bg5 Qh1#) 28... fxg3 29. hxg3) 26... Qh3 $1 $19 27. Qxd6 {Black must now prevent Qe6+.} (27. Nxd6 $2 {leads to mate.} fxg3 28. hxg3 Bf3 29. Qxc5 Qh1#) 27... fxg3 28. hxg3 {[#] Strongly threatening Qe6+.} Kh8 $1 {( -> ...Bf3)} 29. Nbd4 $2 (29. Qe6 Bg4 30. Nc7) 29... cxd4 30. Bh6 Qxh6 31. Rb8 Bxd3 32. Ne1 e4 33. Qb4 Rxb8 $2 (33... g5 $19 34. Rxf8+ Bxf8 35. Qxd4+ Qg7) 34. Qxb8+ $11 Bf8 35. d6 {And now d7 would win.The position is equal.} Kg7 {...Qc1 is the strong threat.} 36. d7 Be7 37. Qe5+ Kf8 38. Qh8+ Kf7 {aiming for ...Qc1.} 39. Qe8+ Kf6 40. d8=Q Bxd8 41. Qxd8+ Ke5 {Threatening ...Qd2.} 42. f4+ Ke6 43. Nxd3 exd3 44. Qxd4 {[%mdl 4096] Endgame KQ-KQ} Qh5 {Threatens to win with ...Qd1+.} 45. Qxd3 Qd5 46. Qc2 Qf3 47. Qc8+ Kd6 48. Qf8+ Kc7 49. Qc5+ Kd7 50. Kh2 Ke6 {Precision: White = 43%, Black = 70%.} 1/2-1/2

[Event "SVK-ch Open 2018"]
[Site "Banska Stiavnica"]
[Date "2018.07.14"]
[Round "8"]
[White "Lintner, Igor"]
[Black "Jablonicky, Martin"]
[Result "0-1"]
[WhiteElo "2173"]
[BlackElo "2360"]
[Annotator "NA"]
[PlyCount "210"]
[EventDate "2018.07.07"]
[EventType "swiss"]
[EventCountry "SVK"]
[SourceTitle "playchess.com"]
[Source "ChessBase"]
[SourceQuality "1"]
[TimeControl "40/5400+30:1800+30"]

1. d4 {[%emt 0:00:00]} Nf6 {[%emt 0:09:58]} 2. c4 {[%emt 0:00:00]} c5 {[%emt 0:00:32]} 3. Nf3 {[%emt 0:00:26]} e6 {[%emt 0:00:17]} 4. Nc3 {[%emt 0:00:19]} cxd4 {[%emt 0:01:30]} 5. Nxd4 {[%emt 0:00:23]} b6 {[%emt 0:00:53]} 6. e4 {[%emt 0:01:51]} d6 {[%emt 0:00:14]} 7. Be2 {[%emt 0:00:49]} Bb7 {[%emt 0:00:06]} 8. f3 {[%emt 0:00:05]} Be7 {[%emt 0:00:04]} 9. O-O {[%emt 0:00:09]} O-O {[%emt 0:00:15]} 10. Be3 {[%emt 0:00:22]} a6 {[%emt 0:00:08]} 11. Qd2 {[%emt 0:00:03]} Qc7 {[%emt 0:00:19]} 12. Rfc1 {[%emt 0:00:45] B41: Sicilian: Kan Variation: 5 c4} Rc8 {[%emt 0:04:07]} 13. Kh1 {[%emt 0:02:39]} Nbd7 {[%emt 0:02:35] [#]} 14. Rab1 $146 {[%emt 0:04:46]} ({Predecessor:} 14. a4 Rab8 15. b4 Qd8 16. Nb3 Ba8 17. a5 bxa5 18. Nxa5 Rxb4 19. Nb5 axb5 20. Qxb4 bxc4 21. Rxc4 {1-0 (99) Duda,J (2671)-Artemiev,V (2653) Martuni 2016}) 14... Qd8 {[%emt 0:01:45]} 15. Bf1 {[%emt 0:03:03]} Rab8 {[%emt 0:01:15]} 16. Nc2 {[%emt 0:06:40]} Ne5 {[%emt 0:06:17]} 17. b3 {[%emt 0:02:04]} h5 {[%emt 0:00:40]} 18. Ne1 {[%emt 0:13:12]} h4 {[%emt 0:03:12]} 19. Qf2 {[%emt 0:01:09]} Ba8 {[%emt 0:01:44]} 20. Nd3 {[%emt 0:05:14]} Ng6 {[%emt 0:04:36]} 21. Nf4 {[%emt 0:08:21]} Nxf4 {[%emt 0:01:39]} 22. Bxf4 {[%emt 0:00:02]} Nh5 {[%emt 0:08:53]} 23. Be3 {[%emt 0:01:09]} Bf6 {[%emt 0:00:40]} 24. Na4 {[%emt 0:01:37]} Rc6 {[%emt 0:01:01]} 25. b4 {[%emt 0:01:32]} b5 {[%emt 0:00:59]} 26. cxb5 {[%emt 0:00:23]} axb5 {[%emt 0:00:13]} 27. Rxc6 {[%emt 0:03:25]} Bxc6 {[%emt 0:00:06]} 28. Rc1 {[%emt 0:00:03]} Qd7 {[%emt 0:07:39]} 29. Nb6 {[%emt 0:01:53]} Qb7 {[%emt 0:01:29]} 30. Qc2 {[%emt 0:02:14]} Be8 {[%emt 0:00:35]} 31. Nc8 {[%emt 0:04:40]} Be5 {[%emt 0:02:58]} 32. Qc7 {[%emt 0:10:37]} Qxc7 {[%emt 0:05:35]} 33. Rxc7 {[%emt 0:00:01]} d5 {[%emt 0:02:08]} 34. Rc5 {[%emt 0:02:06]} d4 {[%emt 0:08:46]} 35. Bf2 {[%emt 0:04:30]} f6 {[%emt 0:03:28]} 36. Bxh4 {[%emt 0:09:51]} Bd7 {[%emt 0:09:20]} 37. Ne7+ {[%emt 0:03:01]} Kf7 {[%emt 0:00:04]} 38. Nc6 {[%emt 0:00:06]} Bxc6 {[%emt 0:00:02]} 39. Rxc6 {[%emt 0:00:04]} Ra8 {[%emt 0:03:16]} 40. Rc2 {[%emt 0:06:10]} Ra3 {[%emt 0:09:32]} 41. Bf2 {[%emt 0:04:06]} Nf4 {[%emt 0:06:07]} 42. g3 {[%emt 0:04:38]} Nd3 {[%emt 0:07:48]} 43. f4 {[%emt 0:06:49]} Nxf2+ {[%emt 0:01:16]} 44. Rxf2 {[%emt 0:00:01]} Bd6 {[%emt 0:00:17]} 45. Rb2 {[%emt 0:00:46]} Rc3 {[%emt 0:04:00]} 46. Rd2 {[%emt 0:02:35]} e5 {[%emt 0:01:15]} 47. Bxb5 {[%emt 0:02:14]} Bxb4 {[%emt 0:00:56]} 48. Rd3 {[%emt 0:00:21]} Rc1+ {[%emt 0:00:22]} 49. Kg2 {[%emt 0:00:01]} Rc2+ {[%emt 0:00:11]} 50. Kh1 {[%emt 0:05:03]} Ke7 {[%emt 0:00:10]} 51. fxe5 {[%emt 0:02:21]} fxe5 {[%emt 0:00:07]} 52. a4 {[%emt 0:00:06]} Bc3 {[%emt 0:05:14]} 53. Rf3 {[%emt 0:02:17]} Rc1+ {[%emt 0:03:15]} 54. Kg2 {[%emt 0:00:06]} (54. Rf1 $5 {[%cal Rf1c1]} Rc2 55. Kg1 $11) 54... Re1 {[%emt 0:00:06]} 55. Bd3 {[%emt 0:02:11]} Kd6 {[%emt 0:01:21]} 56. h4 {[%emt 0:01:12]} Kc5 {[%emt 0:01:28]} 57. Rf5 {[%emt 0:01:05]} Kb4 {[%emt 0:01:49]} 58. a5 {[%emt 0:02:47]} Kxa5 {[%emt 0:01:16]} 59. Rxe5+ {[%emt 0:00:08]} Kb4 {[%emt 0:00:05]} 60. Rb5+ {[%emt 0:02:50]} Ka3 {[%emt 0:01:07]} 61. Rf5 {[%emt 0:00:20]} Rd1 {[%emt 0:01:59]} 62. Rf3 {[%emt 0:00:09]} Kb4 {[%emt 0:00:09]} 63. g4 {[%emt 0:01:12]} Be1 {[%emt 0:00:59]} 64. h5 {[%emt 0:01:40]} Bh4 {[%emt 0:00:17]} 65. Be2 {[%emt 0:00:54]} ({White should play} 65. e5 $16) 65... Re1 {[%emt 0:00:54]} 66. Bd3 {[%emt 0:00:34]} Rd1 {[%emt 0:00:15]} 67. Be2 {[%emt 0:00:11]} Re1 {[%emt 0:00:40]} 68. Bd3 {[%emt 0:00:05]} Bg5 {[%emt 0:00:40]} 69. Rf1 {[%emt 0:00:58]} ({White should play} 69. Rf5 $14 Bd2 70. Rf3) 69... Re3 {[%emt 0:00:04]} 70. Rf3 {[%emt 0:00:01]} Re1 {[%emt 0:00:13]} 71. Bf1 {[%emt 0:01:18]} Rxe4 {[%emt 0:00:33]} 72. Kg3 {[%emt 0:00:15]} Re1 {[%emt 0:01:16]} 73. Rf5 {[%emt 0:00:42]} Re3+ {[%emt 0:00:33]} 74. Rf3 {[%emt 0:00:31]} Re7 {[%emt 0:00:27]} 75. Rf5 {[%emt 0:00:12]} Re3+ {[%emt 0:00:24]} 76. Rf3 {[%emt 0:00:04]} Re1 {[%emt 0:00:23]} 77. Rf5 {[%emt 0:00:08]} Be7 {[%emt 0:00:57]} 78. Rf3 {[%emt 0:00:30]} Bd6+ {[%emt 0:00:18]} 79. Kf2 {[%emt 0:00:46]} Re4 {[%emt 0:00:10]} 80. g5 {[%emt 0:00:47]} Bf4 {[%emt 0:00:39]} 81. Bd3 {[%emt 0:01:18]} Be3+ $1 {[%emt 0:00:06]} 82. Kg3 {[%emt 0:00:04]} Re5 {[%emt 0:00:23]} 83. Rf5 {[%emt 0:00:35]} Re7 {[%emt 0:01:19]} 84. Ba6 {[%emt 0:00:49]} Kc3 {[%emt 0:00:30]} 85. Rd5 {[%emt 0:00:01]} Ra7 {[%emt 0:00:23]} 86. Bb5 {[%emt 0:00:27]} Ra1 {[%emt 0:00:10]} 87. Kf3 {[%emt 0:01:05]} Rg1 {[%emt 0:00:59]} 88. g6 $11 {[%emt 0:00:31]} Rh1 {[%emt 0:00:47]} 89. Kg4 {[%emt 0:00:14]} Rg1+ {[%emt 0:00:05]} 90. Kf3 {[%emt 0:00:33]} Rh1 {[%emt 0:00:04]} 91. Kg4 {[%emt 0:00:03]} Rd1 {[%emt 0:00:22]} 92. Kf3 {[%emt 0:01:01]} Rd2 {[%emt 0:01:11]} 93. h6 {[%emt 0:00:34]} Bxh6 {[%emt 0:00:22]} 94. Rh5 {[%emt 0:00:05]} Be3 {[%emt 0:00:39]} 95. Rh7 {[%emt 0:00:33]} Rf2+ {[%emt 0:00:10]} 96. Kg3 {[%emt 0:00:07]} Rf5 {[%emt 0:00:16]} 97. Be8 {[%emt 0:01:06]} Re5 {[%emt 0:00:47]} 98. Bf7 {[%emt 0:00:39]} d3 {[%emt 0:00:44]} 99. Rxg7 {[%emt 0:00:34]} d2 {[%emt 0:00:06]} 100. Bb3 {[%emt 0:00:08]} Kxb3 {[%emt 0:00:22]} 101. Rd7 {[%emt 0:00:04]} Bh6 {[%emt 0:00:38]} 102. Kf2 {[%emt 0:01:02]} Kc2 {[%emt 0:00:44]} 103. Rc7+ {[%emt 0:00:00]} Kd1 {[%emt 0:00:00]} 104. g7 {[%emt 0:00:06]} Rf5+ {[%emt 0:00:00]} 105. Kg2 {[%emt 0:00:09]} Rg5+ {[%emt 0:00:01]} 0-1